<?xml version="1.0" encoding="UTF-8"?><?xml-stylesheet type="text/xsl" href="static/style.xsl"?><OAI-PMH xmlns="http://www.openarchives.org/OAI/2.0/" xmlns:xsi="http://www.w3.org/2001/XMLSchema-instance" xsi:schemaLocation="http://www.openarchives.org/OAI/2.0/ http://www.openarchives.org/OAI/2.0/OAI-PMH.xsd"><responseDate>2026-04-17T02:38:49Z</responseDate><request verb="GetRecord" identifier="oai:www.recercat.cat:2099.1/24378" metadataPrefix="marc">https://recercat.cat/oai/request</request><GetRecord><record><header><identifier>oai:recercat.cat:2099.1/24378</identifier><datestamp>2025-07-23T00:00:02Z</datestamp><setSpec>com_2072_1033</setSpec><setSpec>col_2072_452951</setSpec></header><metadata><record xmlns="http://www.loc.gov/MARC21/slim" xmlns:dcterms="http://purl.org/dc/terms/" xmlns:xsi="http://www.w3.org/2001/XMLSchema-instance" xmlns:doc="http://www.lyncode.com/xoai" xsi:schemaLocation="http://www.loc.gov/MARC21/slim http://www.loc.gov/standards/marcxml/schema/MARC21slim.xsd">
   <leader>00925njm 22002777a 4500</leader>
   <datafield ind2=" " ind1=" " tag="042">
      <subfield code="a">dc</subfield>
   </datafield>
   <datafield ind2=" " ind1=" " tag="720">
      <subfield code="a">Moreo Mir, Alberto</subfield>
      <subfield code="e">author</subfield>
   </datafield>
   <datafield ind2=" " ind1=" " tag="260">
      <subfield code="c">2014-06-16</subfield>
   </datafield>
   <datafield ind2=" " ind1=" " tag="520">
      <subfield code="a">Nowadays, many different efficient solutions are being studied to solve engineering problems.&#xd;
Inside this group of solutions we can find the Soil Steel Composite Bridges (SSCB) as an&#xd;
alternative to traditional bridges. SSCB are being used more often every day and they are&#xd;
showing themselves as competitive structures in terms of feasibility and constructability. This&#xd;
project was started to achieve two different goals. The first one was to create a general&#xd;
database of SSCB including few selected tests all around the world and the second one was to&#xd;
compare and discuss full scale tests using the Pettersson-Sundquist design method.&#xd;
To create the database and the following comparisons, twenty-five different full scale tests&#xd;
were used. From this tests all the necessary information was extracted and used to create the&#xd;
database.&#xd;
After creating the database, the project continued with the discussion and comparison of the&#xd;
full scale tests. Specifically those discussions and comparisons were related to the resistance&#xd;
of the soil (the soil modulus) used in the construction of the SSCB. All the values of the&#xd;
different soil modulus of each full scale test used in the comparisons were calculated using the&#xd;
Swedish Design Manual (SDM). Two different types of soil modulus were calculated in this&#xd;
project using SDM, ones are the soil modulus back calculated using the values reported from&#xd;
the live load tests performed on the culverts and the others are theoretical soil modulus&#xd;
calculated using the detailed information of the soil.&#xd;
The report continues with the explanation of the different conclusions ended up with during&#xd;
this project. It can be highlighted within this group of conclusions, the one related to the&#xd;
importance of reporting all the necessary information from the full scale tests including the&#xd;
soil parameters, the measures of the culvert, the cross sectional parameters and the vehicle&#xd;
dimensions among others. Another important conclusions are the effect of using the slabs&#xd;
over the top of the culvert and how it would effect to the sectional forces over the culvert and&#xd;
also the limitations using method B of the SDM regarding the type of soil used as backfilling&#xd;
Finally, the project finishes explaining some proposals for future research about other fields&#xd;
of the study of SSCB</subfield>
   </datafield>
   <datafield tag="653" ind2=" " ind1=" ">
      <subfield code="a">Àrees temàtiques de la UPC::Enginyeria civil::Materials i estructures::Materials i estructures metàl·liques</subfield>
   </datafield>
   <datafield tag="653" ind2=" " ind1=" ">
      <subfield code="a">Composite Bridges</subfield>
   </datafield>
   <datafield tag="653" ind2=" " ind1=" ">
      <subfield code="a">live load tests</subfield>
   </datafield>
   <datafield tag="653" ind2=" " ind1=" ">
      <subfield code="a">full scale tests</subfield>
   </datafield>
   <datafield tag="653" ind2=" " ind1=" ">
      <subfield code="a">soil modulus</subfield>
   </datafield>
   <datafield tag="653" ind2=" " ind1=" ">
      <subfield code="a">database</subfield>
   </datafield>
   <datafield tag="653" ind2=" " ind1=" ">
      <subfield code="a">culvert</subfield>
   </datafield>
   <datafield tag="653" ind2=" " ind1=" ">
      <subfield code="a">Ponts mixtes</subfield>
   </datafield>
   <datafield ind2="0" ind1="0" tag="245">
      <subfield code="a">Soil Steel Composite Bridges. An international survey of full scale tests and comparison with the Pettersson-Sundquist design method</subfield>
   </datafield>
   <datafield ind2="0" ind1="0" tag="245">
      <subfield code="a">Encuesta internacional. Test a escala real y comparación con el método de diseño de diseño de Pettersson-Sundquist</subfield>
   </datafield>
</record></metadata></record></GetRecord></OAI-PMH>